Barrios of Buenos Aires Quiz Stats

 Plays Quiz not verified by Sporcle

Challenge
Share
Tweet
Embed
Score 0/48 Timer 08:00
0 Plays Today
Population Barrio % Correct
252,000Palermo
96%
46,000La Boca
86.7%
139,000Belgrano
85.7%
189,000Recoleta
85.5%
26,000San Telmo
79.2%
8,000Puerto Madero
78.6%
33,000San Nicolás
77.6%
45,000Retiro
75.2%
150,000Flores
73.3%
139,000Almagro
71.7%
183,000Caballito
71.3%
53,000Núñez
65.5%
39,000Floresta
64.6%
49,000Boedo
64.2%
27,000Chacarita
63.6%
152,000Balvanera
62.8%
57,000Colegiales
62.8%
44,000Liniers
62.8%
46,000Constitución
61.8%
77,000Barracas
61.2%
41,000Parque Patricios
60.4%
90,000Villa Crespo
60.2%
89,000Villa Urquiza
59.8%
44,000Montserrat
59.6%
Population Barrio % Correct
65,000Mataderos
59.2%
52,000Saavedra
57.4%
20,000La Paternal
57.2%
35,000Agronomía
56.8%
34,000Parque Chas
55.4%
71,000Villa Devoto
55.2%
19,000Coghlan
54.3%
114,000Villa Lugano
54.3%
59,000Villa del Parque
52.1%
39,000Parque Chacabuco
50.5%
33,000Villa Luro
49.7%
23,000Villa Ortúzar
49.7%
50,000San Cristóbal
49.1%
41,000Villa Soldati
49.1%
63,000Nueva Pompeya
47.3%
40,000Villa Pueyrredón
46.9%
14,000Versalles
43.6%
34,000Villa Santa Rita
43.6%
54,000Parque Avellaneda
42.4%
15,000Villa Riachuelo
41%
36,000Villa Mitre
40.8%
36,000Vélez Sársfield
39.6%
14,000Villa Real
36.6%
35,000Monte Castro
32.7%

You're not logged in!

Compare scores with friends on all Sporcle quizzes.
Join for Free
OR
Log In

You Might Also Like...

Show Comments

Extras

Top Quizzes Today


Score Distribution

Your Account Isn't Verified!

In order to create a playlist on Sporcle, you need to verify the email address you used during registration. Go to your Sporcle Settings to finish the process.

Report this User

Report this user for behavior that violates our Community Guidelines.

Details: